000 00549nam a22001937i 4500
001 6485
003 OSt
005 20181116144913.0
007 tu
008 161220s1996 xxu||||| |||| 00| 0 d
024 7 _a6485
_2RID
024 7 _a6485
_2RSN (alt)
040 _cOSt
245 0 0 _aPrognose für 1996 und 1997
_bAllmähliche Erholung der Export- und Investitionskonjunktur
260 _aWien :
_bWIFO,
_c1996.
110 2 _aÖsterreichisches Institut für Wirtschaftsforschung (WIFO)
490 _aWIFO Prognose für ...
_vJuni 1996.
942 _cP
999 _c6050
_d6050